| 000 | 02184cam a22004934i 4500 | ||
|---|---|---|---|
| 003 | PE-LiUPU | ||
| 005 | 20250731165528.0 | ||
| 008 | 150623s r 000 0 d | ||
| 020 | _a8470501089 | ||
| 035 | _a(Sirsi) i9788470501081 | ||
| 040 |
_aPE-LiUPU _bspa _cPE-LiUPU _erda |
||
| 049 | _aPRUA | ||
| 082 | 0 | 4 |
_a270.9 _bH _221 |
| 100 | 1 |
_aAubert, Roger, _eautor. |
|
| 245 | 1 | 0 |
_aPio IX y su época. _n24 / _cRoger Aubert. |
| 264 | 1 |
_aValencia, España : _bEdicep, _c1974. |
|
| 300 |
_a730 páginas : _bilustraciones fotos ; _c28 centímetros |
||
| 336 |
_atext _2rdacontent |
||
| 337 |
_aunmediated _2rdamedia |
||
| 338 |
_avolume _2rdacarrier |
||
| 504 | _aIncluye bibliografía. | ||
| 505 | 0 | _aEl papa mastai. -La crisis de 1848. -La iglesia de Italia hasta 1870. -La iglesia de Francia bajo el segundo imperio. -La iglesia en los países germánicos desde 1850 a 1870. -La iglesia en el resto de Europa Occidental hasta el Concilio Vaticano. -Las ciencias eclesiásticas hasta el concilio vaticano. -Catolicismo y liberanismo a mediados del siglo XIX. -Los progresos del ultramontanismo. -El concilio vaticano. -La iglesia en Europa después del concilio vaticano I. -La iglesia en el este de Europa y en el próximo oriente de 1846 a 1878. -La vida católica bajo el pontificado de Pío IX. | |
| 526 | _aSEG44 | ||
| 526 | _aSEG26 | ||
| 526 | _aP151 | ||
| 526 | _aP150 | ||
| 526 | _aP149 | ||
| 526 | _aP146 | ||
| 526 | _aP145 | ||
| 526 | _aP126 | ||
| 526 | _aP125 | ||
| 526 | _aP92 | ||
| 526 | _aP75 | ||
| 526 | _aP74 | ||
| 526 | _aP27 | ||
| 526 | _aP15 | ||
| 650 | 0 | 4 |
_aIglesia _xHistoria _yPio XI. |
| 942 |
_2ddc _cBOOK |
||
| 949 |
_aRC 270.9 H 24 _wDEWEY _c1 _i14171 _lCCODEBUL1 _mBUL _r0 _sY _tBOOK _u2015-6-24 _xTEOLOGIA _PP35 _0COMPRA _o.CIRCNOTE. No olvidar cambiar la fecha de devolución!!!!!!! _o.STAFF. Colección General |
||
| 994 |
_aC0 _bPEPRU |
||
| 596 | _a1 | ||
| 999 |
_aRC 270.9 H 24 _wDEWEY _c36522 _i14171 _f2021-11-8 _g6 _lCCODEBUL1 _mBUL _r1 _sY _tBOOK _u2015-6-24 _xTEOLOGIA _PP35 _0COMPRA _o.CIRCNOTE. No olvidar cambiar la fecha de devolución!!!!!!! _o.STAFF. Colección General _d36522 |
||
| 980 |
_81 _gALBERTO SANCHEZ Responsable de Automatización |
||